000 00493nam a22001457a 4500
999 _c13295
_d13295
008 190226b ||||| |||| 00| 0 eng d
022 _a16565649
082 _aDPer 303.405 H22 June -Sept 2016 v.12 n. 7-10
100 _aYeo, Kenny.
_937181
245 _aThe future of home wi-fi/
_cKenny Yeo.
260 _aQuezon City:
_bHardware Zone Phils. Corp.,
_c©June -Sept 2016.
300 _av12 n8, pages 73-83:
_billustrations;
_c28 cm.
650 _aTechnology
_xInternet.
_937182
942 _2ddc
_cPER